| 000 | 02019nam a2200421 i 4500 | ||
|---|---|---|---|
| 001 | ebr10837667 | ||
| 003 | CaPaEBR | ||
| 006 | m o d | ||
| 007 | cr cn||||||||| | ||
| 008 | 140224t20142014gau ob 001 0 eng d | ||
| 020 | _z9780820346106 | ||
| 020 | _a9780820346403 (e-book) | ||
| 040 |
_aCaPaEBR _beng _erda _epn _cCaPaEBR |
||
| 035 | _a(OCoLC)874178299 | ||
| 050 | 1 | 4 |
_aPR1868.W7 _b.J365 2014eb |
| 082 | 0 | 4 |
_a821.1 _223 |
| 245 | 0 | 0 |
_aJankyn's book of wikked wyves. _nVolume 2, _pSeven commentaries on Walter Map's "Dissuasio valerii" / _cedited by Traugott Lawler [and four others]. |
| 264 | 1 |
_aAthens, Georgia : _bThe University of Georgia Press, _c2014. |
|
| 264 | 4 | _c�2014 | |
| 300 | _a1 online resource (618 pages). | ||
| 336 |
_atext _2rdacontent |
||
| 337 |
_acomputer _2rdamedia |
||
| 338 |
_aonline resource _2rdacarrier |
||
| 440 | 0 | _aChaucer library | |
| 504 | _aIncludes bibliographical references and index. | ||
| 588 | _aDescription based on online resource; title from PDF title page (ebrary, viewed February 22, 2014). | ||
| 590 | _aElectronic reproduction. Palo Alto, Calif. : ebrary, 2014. Available via World Wide Web. Access may be limited to ebrary affiliated libraries. | ||
| 600 | 1 | 0 |
_aChaucer, Geoffrey, _d-1400. _tWife of Bath's tale _vSources. |
| 600 | 1 | 0 |
_aChaucer, Geoffrey, _d-1400 _xCharacters _xWife of Bath. |
| 650 | 0 |
_aSatire, Latin (Medieval and modern) _vTranslations into English. |
|
| 650 | 0 | _aManuscripts, Latin (Medieval and modern) | |
| 650 | 0 |
_aSatire, Latin _vTranslations into English. |
|
| 655 | 0 | _aElectronic books. | |
| 700 | 1 | _aLawler, Traugott. | |
| 776 | 0 | 8 |
_iPrint version: _tJankyn's book of wikked wyves. Volume 2, Seven commentaries on Walter Map's "Dissuasio valerii". _dAthens, Georgia : The University of Georgia Press, c2014 _hx, 605 pages _kChaucer library. _z9780820346106 |
| 797 | 2 | _aebrary. | |
| 856 | 4 | 0 |
_uhttp://site.ebrary.com/lib/rucke/Doc?id=10837667 _zAn electronic book accessible through the World Wide Web; click to view |
| 999 |
_c89922 _d89922 |
||